000 00515nam a2200169Ia 4500
003 GCL
008 140319s9999 xx 000 0 ara d
040 _aGCL /
_cGCL
082 0 4 _a250
_bع ا
100 1 _aعبدالمجيد صبح
245 1 0 _aاصول المناهج الفقهية /
_cعبدالمجيد صبح
260 _a[S.N] :
_bدار الوفاء للطباعة والنشر والتوزيع ،
_c1989
300 _a110 ص
490 _a
650 0 4 _aالفقه الاسلامى
942 _2ddc
_cBK
999 _c53661
_d53661